00395nam a2200157Ia 4500001000500000005001700005008004100022041000800063082001500071100003400086245005900120260000900179300003300188650000800221654000800229185420260306143759.0260306t2019||||xx |||||||||||||| ||spa|| aESP a155.8bK73 aKoller, Sílvia Helena,eAUT 0aPsychology in Brazil :bscientists making a difference c2019 axiv, 381 páginas :c24 cm. aGEN aCPS